La lezione liturgica di san Paolo
Zapisane w:
| 1. autor: | |
|---|---|
| Format: | Książka |
| Język: | włoski |
| Wydane: |
Padua
Edizioni Messagero Padova
2009
|
| Wydanie: | 1a. ed |
| Seria: | Rivista Liturgica, 1
|
| Hasła przedmiotowe: | |
| Etykiety: |
Dodaj etykietę
Nie ma etykietki, Dołącz pierwszą etykiete!
|
MARC
| LEADER | 00000cam a2200000 a 4500 | ||
|---|---|---|---|
| 001 | UCC4485 | ||
| 003 | CL-VaPUC | ||
| 008 | 180803e20090000it |||||||||||||||||ita|d | ||
| 020 | |a 9788825022810 | ||
| 082 | 0 | 4 | |a 242.2 |b AUG |2 21 |
| 100 | |a Augé, Matias |e author |9 598741 | ||
| 245 | 1 | 3 | |a La lezione liturgica di san Paolo |
| 250 | |a 1a. ed | ||
| 300 | |a 158 p | ||
| 942 | |c BK | ||
| 945 | |d 20180803 12:44:00 |a dcastane | ||
| 260 | |a Padua |b Edizioni Messagero Padova |c 2009 | ||
| 650 | 0 | |a Liturgia católica |9 516111 | |
| 583 | |a last modification |c 20180803 12:44:00 |k Rodrigo Vera | ||
| 490 | 0 | |a Rivista Liturgica, 1 | |
| 999 | |c 372013 |d 372011 | ||
| 952 | |0 0 |1 0 |3 erb |4 0 |6 242_200000000000000_AUG_2009 |7 0 |8 A |9 489233 |a BIBTEO |b BIBTEO |i 548636K |o 242.2 AUG 2009 |p 548636K |r 2025-01-17 |w 2019-11-24 |y BK |z Catalogado en:20180803 |k ICR | ||